Chile y Perú: los pactos de 1929

Uloženo v:
Podrobná bibliografie
Hlavní autor: Ríos Gallardo, Conrado (Autor)
Médium: Kniha
Jazyk:španělština
Vydáno: Santiago Nascimento 1959
Témata:
Tagy: Přidat tag
Žádné tagy, Buďte první, kdo vytvoří štítek k tomuto záznamu!

MARC

LEADER 00000nam a2200000 a 4500
001 UCT9232
003 CL-VaPUC
008 970404e19590000CL |||||||||||||||||spa|d
082 0 4 |a 341.026  |b RIO  |2 21 
100 0 |a Ríos Gallardo, Conrado  |e author  |9 381767 
245 1 0 |a Chile y Perú: los pactos de 1929 
300 |a 495 p 
942 |c BK 
945 |d 19970404 00:00:00  |a paguirre 
260 |a Santiago  |b Nascimento  |c 1959 
650 0 |a Tratados internacionales   |9 256056 
650 0 |a Diplomacia  |9 256483 
650 0 |a Relaciones Internacionales  |9 255740 
650 0 |a Guerra  |9 255876 
650 0 |a Historia  |9 255047 
651 7 |a CHILE  |2 CL-VaPUC  |9 381768 
651 0 |a Perú  |9 256567 
583 |a last modification  |c 19970404 00:00:00  |k Rodrigo Vera 
999 |c 257649  |d 257647 
952 |0 0  |1 0  |4 0  |6 341_026000000000000_RIO_1959  |7 0  |8 A  |9 281225  |a BIBDER  |b BIBDER  |d 2019-11-19  |i 181916K  |l 1  |m 2  |o 341.026 RIO 1959  |p 181916K  |q 2025-12-31  |r 2020-03-18  |s 2020-03-18  |w 2019-11-19  |y BK  |k DER